[Event "Tingo Maria UNAS 77th Anniv"]
[Site "Tingo Maria"]
[Date "2015.10.09"]
[Round "3.2"]
[White "Nieto Canayo, Joel"]
[Black "Del Aguila Ibanez, Kevin Jaison"]
[Result "1-0"]
[WhiteElo "1791"]
[BlackElo "1683"]
[PlyCount "103"]
[EventDate "2015.10.08"]
[EventType "swiss"]
[EventRounds "7"]
[EventCountry "PER"]
[SourceTitle "EXT 2024"]
[Source "ChessBase"]
[SourceDate "2023.10.10"]
[SourceVersion "1"]
[SourceVersionDate "2023.10.10"]
[SourceQuality "1"]

1. Nf3 d6 2. g3 Nf6 3. Bg2 e5 4. d3 Be7 5. c4 Nbd7 6. Nc3 a5 7. 0-0 0-0 8. h3 Nc5 9. e4 h6 10. Be3 Ne6 11. d4 exd4 12. Nxd4 c6 13. f4 Nc5 14. b3 Re8 15. Bf2 Nfd7 16. Rc1 Bf6 17. Re1 Ne6 18. Nf5 Be7 19. Nxd6 Bxd6 20. Qxd6 Ndf8 21. Rcd1 Qc7 22. f5 Qxd6 23. Rxd6 Nc7 24. Bb6 Na6 25. Red1 Bd7 26. g4 Nb4 27. R1d2 Re7 28. c5 Rae8 29. Bxa5 Na6 30. Bb6 Re5 31. Na4 Bc8 32. a3 Nb8 33. b4 Nbd7 34. Bc7 Nf6 35. Rxf6 gxf6 36. Bxe5 fxe5 37. Nb6 Nh7 38. Kf2 Nf6 39. Ke3 Kg7 40. Bf3 Nh7 41. h4 Nf8 42. Be2 f6 43. Bc4 Kh7 44. a4 Kg7 45. b5 Kh8 46. bxc6 bxc6 47. a5 Bb7 48. a6 Ba8 49. Nd7 Kg7 50. Nxf8 Kxf8 51. Rd7 Re7 52. Rd6 1-0